| 000 | 00515cam8a220018100 4500 | ||
|---|---|---|---|
| 001 | qcf00004377 | ||
| 005 | 20190816085704.0 | ||
| 008 | 730726s1946 fr 000 0 fre u | ||
| 035 | _a(Sirsi) r123837 | ||
| 035 | _a(QCAT)lss00449936 | ||
| 035 | _a(UPRA)qcf00004377 | ||
| 040 | _dUPRA | ||
| 100 | 1 |
_aZola, Emile, 1840-1902. _dZola, Emile, 1840-1902. _6A31833.1 |
|
| 245 | 1 | 4 | _aUne page d'amour. |
| 260 |
_a[Paris] : _bFasquelle, _c[1946] |
||
| 949 |
_aPQ2511 _wlcc _i-178029 _mMAIN _tBOOK _lON-SHELF |
||
| 004 | 123837 | ||
| 999 |
_c80691 _d80691 |
||